Fisheries: Past,Present and Future/ (Record no. 756744)

MARC details
000 -LEADER
fixed length control field 00331nam a22001217a 4500
082 ## - DEWEY DECIMAL CLASSIFICATION NUMBER
Classification number 639.2TRI/F
100 ## - MAIN ENTRY--AUTHOR NAME
Personal name Trivedi,Priyaranjan
245 ## - TITLE STATEMENT
Title Fisheries: Past,Present and Future/
Statement of responsibility, etc by Priyaranjan trivedi
260 ## - PUBLICATION, DISTRIBUTION, ETC. (IMPRINT)
Place of publication .-Newdelhi
Name of publisher :Njanada Prakashan
Year of publication ,2023
300 ## - PHYSICAL DESCRIPTION
Number of Pages 533p
942 ## - ADDED ENTRY ELEMENTS (KOHA)
Source of classification or shelving scheme Dewey Decimal Classification
Koha item type Book
Holdings
Withdrawn status Lost status Source of classification or shelving scheme Damaged status Not for loan Home Library Current Location Shelving location Date acquired Source of acquisition Full call number Accession Number Price effective from Koha item type
    Dewey Decimal Classification     Dept. of Aquatic Biology and Fisheries Dept. of Aquatic Biology and Fisheries Reference 02/02/2026 SA/3 639.2TRI/F AQU6607 23/02/2026 Book